Estudio de prefactibilidad para la creación de una empresa productora y comercializadora de Alcohol Gel
Presenta un estudio de prefactibilidad para la creación de una empresa productora y comercializadora de Alcohol Gel, incluye estudio de mercado, estudio técnico, rentabilidad financiera y evaluación socioeconómica.
| Main Authors: | , , |
|---|---|
| Other Authors: | |
| Format: | Tesis Section = Libro |
| Language: | Undetermined Spanish |
| Published: |
Managua
UNI
2012
|
| Subjects: |
| LEADER | 01135nam a2200277Ia 4500 | ||
|---|---|---|---|
| 008 | 240830s9999 xx 000 0 und d | ||
| 040 | |a BIBLIOTECA-RUPAP Mon 658.11 C579 | ||
| 041 | |a spa | ||
| 082 | |a Mon 658.11 C579 | ||
| 100 | 1 | |a Cisneros Vargas, Axel David | |
| 100 | 1 | |b Mayorga Menocal, Jenniffer Cristina | |
| 100 | 1 | |c Rivera Guido, Joselth Karina | |
| 245 | 1 | 0 | |a Estudio de prefactibilidad para la creación de una empresa productora y comercializadora de Alcohol Gel |
| 260 | |a Managua |b UNI |c 2012 | ||
| 300 | |a 152 p. :il. | ||
| 500 | |a Contiene: anexos e Incluye: CD. | ||
| 502 | |a Tesis (Ingeniero de Sistemas)- UNI, 2012. | ||
| 520 | 3 | |a Presenta un estudio de prefactibilidad para la creación de una empresa productora y comercializadora de Alcohol Gel, incluye estudio de mercado, estudio técnico, rentabilidad financiera y evaluación socioeconómica. | |
| 650 | 7 | |a INICIACION DE EMPRESAS - NEGOCIOS | |
| 650 | 7 | |b ESTUDIO DE MERCADO | |
| 650 | 7 | |c ESTUDIO TECNICO | |
| 650 | 7 | |d EVALUACIÓN FINANCIERA | |
| 700 | 1 | |a Tutor: |b Aguilera López, Roberto José | |
| 942 | |c BK |2 ddc | ||
| 991 | |a TESIS | ||
| 999 | |c 16882 | ||